Deformation properties of soil

Uložené v:
Podrobná bibliografia
Hlavný autor: Altanir, Yazan (Autor)
Ďalší autori: Frankovská, Jana (Vedúci práce)
Médium: Rukopis Kniha
Jazyk:Slovak
English
Vydavateľské údaje: 2017
Predmet:
On-line prístup:http://is.stuba.sk/zp/portal_zp.pl?podrobnosti=131536
https://opac.crzp.sk/?fn=detailBiblioForm&sid=427371B0090519B80545D121842E
Tagy: Pridať tag
Žiadne tagy, Buďte prvý, kto otaguje tento záznam!

MARC

LEADER 00000ntm a22000003a 4500
001 stuzp59046
003 SK-STU
005 20230822110935.3
007 ta
008 150427s2015----xo-----f-mn---000-0-slo-d
040 |a STU  |b slo 
041 0 |a eng 
100 1 |a Altanir, Yazan  |u 010150  |4 aut  |U SvF Stavebná fakulta  |T SvF Katedra geotechniky  |X 70587  |U V150  |Y 15  |7 70587 
242 0 1 |a Deformačné vlastnosti zemín  |y slo 
245 1 0 |a Deformation properties of soil 
260 |c 2017 
650 4 |a compression index  |2 slo 
650 4 |a deformation parameters  |2 slo 
650 4 |a laboratory testing  |2 slo 
650 4 |a oedometric test  |2 slo 
650 4 |a oedometric test  |2 eng 
650 4 |a deformation parameters  |2 eng 
650 4 |a laboratory testing  |2 eng 
650 4 |a compression index  |2 eng 
700 1 |a Frankovská, Jana  |u 010150  |k Z1  |4 ths  |U SvF Stavebná fakulta  |T SvF Katedra geotechniky  |X 3849  |U V150  |Y 15  |7 A000003849 
856 4 |u http://is.stuba.sk/zp/portal_zp.pl?podrobnosti=131536 
856 4 |u https://opac.crzp.sk/?fn=detailBiblioForm&sid=427371B0090519B80545D121842E